000 00436nam a22001817a 4500
003 MPLRDC
005 20220104142501.0
008 210129b ||||| |||| 00| 0 eng d
020 _a978-7-5064-7538-9
082 _a192.3 CSM
100 _a迟双明 编著
245 _a图解素书
_c
250 _a一版一刷
260 _a中国
_b中国纺织出版社
_c2011
300 _b426
650 _a修养
942 _cBK
_o192.3 CSM
999 _c31269
_d31259